000 00589nam a2200217Ia 4500
003 BUBTL
008 151213s9999 xx 000 0 und d
082 _a347.06/CHE
100 _aChowdhury, Obaidul Huq
_92060
245 _aThe Evidence Act
_cObaidul Huq Chowdhury
250 _a4th
260 _aDhaka
_bEsrarul Huq Chawdhury
_c c 2004
300 _a484 p . :
_b25 cm.
500 _aIncludes Index
650 _aLaw
_93897
650 _aLaw
_93897
700 _aObaidul Huq Chowdhury
_93898
856 _k0
_l0
_yDownload
942 _2ddc
_cBK
999 _c4025
_d4025